000 00752nam a2200241Ia 4500
003 OSt
005 20220927105126.0
006 a|||||r|||| 00| 0
007 ta
008 220926b |||||||| |||| 00| 0 eng d
024 _a155063
037 _cReference Collections
040 _aRTL
_cRTL
_beng
041 _2eng
_aeng
082 _a"X :2 . 1 .N76, L6 . 4(1-3)"
110 _aUNITED STATES INFORMATON AGENCY .
_9370357
245 0 _aInternational economic Perspectives .
260 _aUnited
_bstates U .S
_c1976
300 _a"183-308 , 49"
_ccm.
700 _aUNITED STATES INFORMATON AGENCY .
_9370358
942 _h"X :2 . 1 .N76, L6 . 4(1-3)"
_cCC
999 _c690794
_d690794